000 nam a22 7a 4500
999 _c126559
_d126559
008 170726b xxu||||| |||| 00| 0 eng d
050 _aHD6664.T4 1980
100 _aTaylor, Robert
_933551
245 _aThe fifth estate
_c/ Robert Taylor
260 _aLondon
_bPan BookS
_c1980
300 _a478P. ;
_c18cm.
650 _aLabon unions
_xGreat Britain
_933552
942 _2lcc
_cMONOGRAPH